Régimen tributario especial para las entidades sin ánimo de lucro bajo el nuevo contexto fiscal ESAL : (Registro nro. 4483)

Detalles MARC
000 -LEADER
fixed length control field 01581nam a2200265Ia 4500
003 - CONTROL NUMBER IDENTIFIER
control field OSt
005 - DATE AND TIME OF LATEST TRANSACTION
control field 20200821223000.0
008 - FIXED-LENGTH DATA ELEMENTS--GENERAL INFORMATION
fixed length control field 191128s2019 ck ad fr 000 0 spa d
020 ## - INTERNATIONAL STANDARD BOOK NUMBER
International Standard Book Number 9789585202450
040 ## - CATALOGING SOURCE
Original cataloging agency CO-JMCR
Transcribing agency CO-JMCR
041 0# - LANGUAGE CODE
Language code of text/sound track or separate title spa
082 04 - DEWEY DECIMAL CLASSIFICATION NUMBER
Classification number 346.861064 /
Item number P723r
Edition number 23
100 1# - MAIN ENTRY--PERSONAL NAME
Personal name Plaza Guamanga, Luis Adelmo,
Relator term autor
9 (RLIN) 9083
245 10 - TITLE STATEMENT
Title Régimen tributario especial para las entidades sin ánimo de lucro bajo el nuevo contexto fiscal ESAL :
Remainder of title ejemplos y modelos /
Statement of responsibility, etc. Luis Adelmo Plaza Guamanga
250 ## - EDITION STATEMENT
Edition statement 1a. edición
260 ## - PUBLICATION, DISTRIBUTION, ETC.
Place of publication, distribution, etc. Bogotá :
Name of publisher, distributor, etc. Grupo Editorial Nueva Legislación,
Date of publication, distribution, etc. 2019
300 ## - PHYSICAL DESCRIPTION
Extent xix, 214 páginas :
Other physical details gráficos a blanco y negro ;
Dimensions 24 cm.
500 ## - GENERAL NOTE
General note "Cooperativas - Asociaciones - Corporaciones - Fundaciones - ONG - Propiedades horizontales - Iglesias y confesiones religiosas"-- Tapa
504 ## - BIBLIOGRAPHY, ETC. NOTE
Bibliography, etc. note Bibliografía: páginas 184-185
505 0# - FORMATTED CONTENTS NOTE
Formatted contents note Contexto histórico -- Nuevo contexto para las entidades sin ánimo de lucro -- Control a las entidades sin ánimo de lucro del régimen tributario especial -- Determinación del beneficio neto o excedente -- Legislación comparada
520 3# - SUMMARY, ETC.
Summary, etc. Se exponen los requisitos y obligaciones que deben cumplir estas entidades si quieren ser calificadas en el régimen tributario especial y así poder gozar de beneficios fiscales como la exención en el impuesto de renta y complementarios y ser beneficiadas
650 14 - SUBJECT ADDED ENTRY--TOPICAL TERM
Topical term or geographic name entry element Organizaciones sin ánimo de lucro
General subdivision aspectos jurídicos
Geographic subdivision Colombia
9 (RLIN) 9084
650 14 - SUBJECT ADDED ENTRY--TOPICAL TERM
Topical term or geographic name entry element Impuestos
General subdivision aspectos jurídicos
Geographic subdivision Colombia
9 (RLIN) 9085
942 ## - ADDED ENTRY ELEMENTS (KOHA)
Source of classification or shelving scheme Dewey Decimal Classification
Koha item type Books
Existencias
Withdrawn status Lost status Source of classification or shelving scheme Damaged status Not for loan Collection code Home library Current library Date acquired Source of acquisition Full call number Barcode Date last seen Copy number Koha item type
    Dewey Decimal Classification     Non-fiction Biblioteca Pública José María del Castillo y Rada Biblioteca Pública José María del Castillo y Rada 12/12/2018 Donación 346.861064 / P723r 201809478 05/16/2024 Ej.1 Books